Catholic University of Zimbabwe Library
Online Public Access Catalogue
(OPAC)

Introduction to positive philosophy. (Record no. 461)

MARC details
000 -LEADER
fixed length control field 00622nam a22002172 4500
001 - CONTROL NUMBER
control field 0000000533
005 - DATE AND TIME OF LATEST TRANSACTION
control field 20170406112700.0
008 - FIXED-LENGTH DATA ELEMENTS--GENERAL INFORMATION
fixed length control field 131112s xx 000 0 eng d
020 ## - INTERNATIONAL STANDARD BOOK NUMBER
International Standard Book Number 0872200507 :
Terms of availability $
040 ## - CATALOGING SOURCE
Original cataloging agency Your Holding Symbol
Transcribing agency Your Holding Symbol
100 1# - MAIN ENTRY--PERSONAL NAME
Personal name Comte, Auguste.
245 10 - TITLE STATEMENT
Title Introduction to positive philosophy.
250 ## - EDITION STATEMENT
Edition statement ed.
260 ## - PUBLICATION, DISTRIBUTION, ETC.
Place of publication, distribution, etc. Indianapolis :
Name of publisher, distributor, etc. Hackett Publishing Company,
Date of publication, distribution, etc. 1988.
300 ## - PHYSICAL DESCRIPTION
Extent xiv,70 p. ;
Dimensions cm.
504 ## - BIBLIOGRAPHY, ETC. NOTE
Bibliography, etc. note Includes index.
591 ## -
-- 2003
-- Donation
650 #0 - SUBJECT ADDED ENTRY--TOPICAL TERM
Topical term or geographic name entry element Positivism.
700 10 - ADDED ENTRY--PERSONAL NAME
Personal name Ferre, Frederick.
908 ## - PUT COMMAND PARAMETER (RLIN)
Put command parameter 131112
Holdings
Withdrawn status Lost status Source of classification or shelving scheme Damaged status Not for loan Home library Current library Shelving location Date acquired Total Checkouts Full call number Barcode Date last seen Copy number Price effective from Koha item type
          CUZ Harare Campus CUZ Harare Campus Open Shelf 06.04.2017   B2223.E5.C55 B2223.E5.C55 06.04.2017 CU3678 06.04.2017 OS Book

OPENING HOURS

Weekdays: 0815hrs - 1800hrs
Weekends:0900hrs - 1200hrs

Closed for Mass:

Mon, Thur: 1200hrs - 1300hrs
Sunday & Public Holiday’s

CALL SUPPORT

0242-570570, 0242-570169
09200664, +263 8644140602

LOCATION

18443, Cranborne Avenue, Hatfield, Harare

Other Links


©2021 | CUZ Library